000 nam a22 a 4500
999 _c2153
_d2153
003 AKMAL
005 20170515142351.0
008 170515s1994 my 00 may d
020 _a9839017705 (kkt.):
_cRM 8.00
040 _aAKMAL
082 0 4 _a371.26 PET
090 _a371.26
_bPET
100 _aAhmed Lathiff
_94508
245 _aPetunjuk pelajar Islam :
_bbagaimana memperolehi kecemerlangan dalam peperiksaan? /
_cAhmed Lathiff
260 _aKuala Lumpur :
_bDarul Nu'man,
_c1994
300 _aiv, 186ms. :
_b;
_c21cm
500 _aMengandungi ayat-ayat dari al-Qur'an
650 _aEducation
_xReligious aspects
_xIslam
_91803
650 _aMuslim students
_xEducation
_94509
650 _aExaminations
_vStudy guides
_91092
942 _2ddc
_cBOOK